00329nam a2200109Ia 450000500170000000800410001710000190005824500940007726000170017130000110018865000200019920260328101454.0260328s9999||||xx |||||||||||||| ||und|| aHough, Michael 0aNaturaleza y Ciudad :b Planificación Urbana y Procesos tecnológicos /cMichael Hough bGustavo Gili a315 p. aDISEÑO URBANO